000
00188 a2200097 4500
020
_a
9788434834071
041
_a
spa
100
_a
Alfredo Gomez Cerda
245
_a
Sin Mascara
942
_c
BK
999
_c
30708
_d
30706